|
|
|
|
| LEADER |
00000cam a2200000 7i4500 |
| 001 |
0000007930 |
| 005 |
20160330.0 |
| 008 |
070907 |
| 020 |
|
|
|a 0007204752
|
| 090 |
0 |
0 |
|a DAL
|b ENG (2388)
|
| 100 |
1 |
|
|a Dalton,Annie
|
| 245 |
1 |
0 |
|a Fogging over
|c Annie Dalton
|
| 260 |
|
|
|a london :
|b Great Britain ,
|c 2002
|
| 500 |
|
|
|a Teenager ages 13-18 years old (blue)
|
| 650 |
|
0 |
|a Novel
|
| 650 |
|
0 |
|a Teenagers
|x English
|x Languages
|
| 999 |
|
|
|a 0000991645
|b Book
|c Teenagers
|e Perbadanan Perpustakaan Awam Johor
|
| 999 |
|
|
|a 0000991646
|b Book
|c Teenagers
|e Perbadanan Perpustakaan Awam Johor
|
| 999 |
|
|
|a 0000991647
|b Book
|c Teenagers
|e Perbadanan Perpustakaan Awam Johor
|